Bangladesh human development report : monitoring human development /

Bibliographic Details
Corporate Author: United Nations Development Programme (Bangladesh)
Other Authors: Stalker, Peter
Format: Book
Language:English
Published: Dhaka : United Nations Development Programme, 1998.
Subjects:
Classic Catalogue: View this record in Classic Catalogue
LEADER 00974nam a2200241 a 4500
001 008910418-8
008 090909s1998 bg a b i000 0 eng d
010 |a 99952654  
020 |a 9280633899 
040 |a DLC  |c DLC 
082 0 0 |a 339.5/095492  |2 21 
245 1 0 |a Bangladesh human development report :  |b monitoring human development /  |c editor, Peter Stalker. 
260 |a Dhaka :  |b United Nations Development Programme,  |c 1998. 
300 |a 57 p. ;  |c 29 cm. 
504 |a Includes bibliographical references (p. 53-57). 
541 1 |e 00006334 
651 0 |a Bangladesh  |x Economic policy. 
651 0 |a Bangladesh  |x Social policy. 
700 1 |a Stalker, Peter. 
710 2 |a United Nations Development Programme (Bangladesh) 
852 4 |a Ayesha Abed Library  |j General shelf 
999 |c 3864  |d 3864 
952 |0 0  |1 0  |2 ddc  |4 0  |6 339_509549200000000_BAN_1998  |7 0  |9 3516  |a BRACUL  |b BRACUL  |c GEN  |d 2009-09-13  |g 200.00  |l 1  |m 6  |o 339.5095492 BAN  |p 3010006334  |r 2017-12-10  |s 2017-11-01  |t 1  |v 400.00  |w 2009-09-13  |y BK